Mechanical properties of interpenetrating polymer networks based on natural rubber and polystyrene (Record no. 62723)

MARC details
000 -LEADER
fixed length control field 00494nam a2200145Ia 4500
100 ## - MAIN ENTRY--AUTHOR NAME
Personal name Aji P Mathew
245 #0 - TITLE STATEMENT
Title Mechanical properties of interpenetrating polymer networks based on natural rubber and polystyrene
260 ## - PUBLICATION, DISTRIBUTION, ETC. (IMPRINT)
Name of publisher National Seminar on Advances in Polymer Technology, Cochin, 1996; p17
650 ## - SUBJECT ADDED ENTRY--TOPICAL TERM
Topical Term Interpenetrating polymer networks
650 ## - SUBJECT ADDED ENTRY--TOPICAL TERM
Topical Term Natural rubber
650 ## - SUBJECT ADDED ENTRY--TOPICAL TERM
Topical Term Polystyrene
700 ## - ADDED ENTRY--PERSONAL NAME
Personal name Thomas Sabu
942 ## - ADDED ENTRY ELEMENTS (KOHA)
Koha item type Journals
Holdings
Withdrawn status Lost status Damaged status Not for loan Home library Current library Shelving location Date acquired Koha item type
      Journals RRII Library RRII Library Rubber chemistry 17/12/2021 Journals